How Strong Is the Case for International Coordination?

Gespeichert in:
Bibliographische Detailangaben
1. Verfasser: Scheide, Joachim
Weitere Verfasser: Sinn, Stefan
Format: Buch
Sprache:Englisch
Veröffentlicht: Kiel Institut für Weltwirtschaft 1987
Ausgabe:1. ed.
Schriftenreihe:Working Paper No.306
Tags: Tag hinzufügen
Keine Tags, Fügen Sie das erste Tag hinzu!

MARC

LEADER 00000nam a2200000 4500
001 c023277
005 20221219115945.1
041 0 |a eng 
044 |a DE 
245 1 0 |a How Strong Is the Case for International Coordination?  |c Joachim Scheide, Stefan Sinn 
250 |a 1. ed. 
264 1 |a Kiel  |b Institut für Weltwirtschaft  |c 1987 
300 |a 36 s. 
490 1 |a Working Paper  |v No.306 
830 0 |a Working Paper  |v No.306 
100 1 |a Scheide, Joachim 
700 1 |a Sinn, Stefan